| 000 | 00711cab a2200241 4500 | ||
|---|---|---|---|
| 001 | WB3240-43 | ||
| 008 | 090401t1996 xxu||||| |||| 00| 0 eng d | ||
| 035 | _a(Sirsi) u34084 | ||
| 041 | _aeng | ||
| 245 | _aCommonhold Bill | ||
| 260 | _c1996 | ||
| 350 | _a0 | ||
| 490 |
_aRICS Press Release _vPR131.bill 23 October 1996, (2) |
||
| 520 | _aThe RICS has expressed disappointment that the Commonhold Bill might be sidelined, according to today`s Queen`s Speech. | ||
| 650 | _aCOMMONHOLD BILL | ||
| 650 |
_aDISPUTE RESOLUTION _96236 |
||
| 650 | _aLEASEHOLD REFORM | ||
| 650 | _aQUEENS SPEECH | ||
| 650 | _aRICS | ||
| 690 | _aLANDLORD AND TENANT-LEASEHOLD REFORM | ||
| 942 | _n0 | ||
| 948 | _c04/03/1997 | ||
| 999 |
_c22623 _d22623 |
||